Celoživotní vzdělávání na českých veřejných vysokých školách - analýza dlouhodobých záměrů vysokých škol

Cieľom analýzy bolo zistiť súčasný stav a predstavy o najbližšom vývoji celoživotného vzdelávania (CŽV) na verejných vysokých školách v Českej republike. Zhrnutie záverov výskumu.

Salvato in:
Dettagli Bibliografici
Autore principale: Motyková, Jana
Natura: Capitolo di libro
Lingua:ceco
Soggetti:
Tags: Aggiungi Tag
Nessun Tag, puoi essere il primo ad aggiungerne!!

MARC

LEADER 00000naa$a2200000$$$4500
001 0024410
005 20230919104137.6
041 0 |a cze 
044 |a CZ 
245 1 0 |a Celoživotní vzdělávání na českých veřejných vysokých školách - analýza dlouhodobých záměrů vysokých škol  |c Jana Motyková 
520 |a Cieľom analýzy bolo zistiť súčasný stav a predstavy o najbližšom vývoji celoživotného vzdelávania (CŽV) na verejných vysokých školách v Českej republike. Zhrnutie záverov výskumu. 
610 2 0 |a vzdelávanie celoživotné 
610 2 0 |a školy vysoké 
610 2 0 |a Česko 
610 2 0 |a analýzy 
100 1 |a Motyková, Jana